000 00284nam a22001337a 4500
008 170609b xxu||||| |||| 00| 0 eng d
020 _a2901845112706
041 _aeng
080 _a32
100 _a19
101 _aSHP
245 _aNEGOTIATING CHANGE
_cJONES,J
942 _2udc
_cBK
999 _c16660
_d16660